000 00964nam a22003017a 4500
001 0031587
003 KOHA_MİRAKIL
005 20260207002805.0
007 ta
008 110822b1999 sp a|||gr||||#0|||1|eng |
020 _a0582417805
040 _aTR-BiSEU
_btur
_cTR-BiSEU
_erda
041 0 _aeng
044 _csp
050 _aPE1128.B76
_bI54 1999
100 1 _aBrontë, Charlotte.
245 1 _aJane Eyre/
_cCharlotte Brontë ; Charlotte Brontë ; retold by Ann Ward.
264 1 _aHarlow :
_bPearson Education
_c1999
300 _avii, 39 sayfa :
_bres. ;
_c20 cm.
336 _ametin
_btxt
_2rdacontent
337 _aaracısız
_bn
_2rdamedia
338 _acilt
_bnc
_2rdacarrier
650 0 _aİngiltere--Sosyal yaşam ve gelenekler--19. yy--Roman.
_917081
650 0 _aEngland--Social life and customs--19th century--Fiction.
_917082
650 0 _aErkek-kadın ilişkileri--İngiltere--Roman.
_917083
907 _aDil
942 _2lcc
_cBK
999 _c31499
_d31499